[Event "EGY-ch"]
[Site "Cairo"]
[Date "2013.03.30"]
[Round "5"]
[White "Fawzy, Adham"]
[Black "Atea, Saad"]
[Result "0-1"]
[WhiteElo "1858"]
[BlackElo "2302"]
[PlyCount "98"]
[EventDate "2013.03.26"]
[EventType "swiss"]
[EventRounds "9"]
[EventCountry "EGY"]
[SourceTitle "CBM 153 Extra"]
[Source "ChessBase"]
[SourceDate "2013.04.22"]
[SourceVersion "1"]
[SourceVersionDate "2013.04.22"]
[SourceQuality "1"]

1. e4 c5 2. Nf3 g6 3. d4 cxd4 4. Qxd4 Nf6 5. e5 Nc6 6. Qa4 Nd5 7. Qe4 Nb6 8. Nc3 d5 9. exd6 Bf5 10. Qf4 Bg7 11. Bb5 0-0 12. Bxc6 bxc6 13. dxe7 Qxe7+ 14. Be3 Bxc3+ 15. bxc3 Nd5 16. Qd4 Rae8 17. 0-0 Nxe3 18. fxe3 Qxe3+ 19. Rf2 c5 20. Qf6 Re6 21. Qh4 Re4 22. Qf6 Re6 23. Qh4 Qxc3 24. Raf1 Re4 25. Qh6 Ra4 26. h3 Rxa2 27. g4 Be4 28. Qd2 Rxc2 29. Qxc3 Rxc3 30. Ng5 Bd5 31. Rd1 Bb3 32. Rd7 a5 33. Kh2 Rc2 34. Rxc2 Bxc2 35. Rc7 Bb3 36. Rxc5 Ra8 37. Ne4 a4 38. Nd2 Be6 39. Rc1 a3 40. Ra1 a2 41. Ne4 Rc8 42. Kg3 Rc2 43. Kf4 h6 44. Ke5 Kg7 45. Kd4 Rh2 46. Nc5 Kf6 47. Nxe6 Kxe6 48. Re1+ Kf6 49. Rf1+ Kg5 0-1

[Event "EGY-chT 1112"]
[Site "Egypt"]
[Date "2012.07.18"]
[Round "10.1"]
[White "Hesham, Abdelrahman"]
[Black "Atea, Saad"]
[Result "1-0"]
[WhiteElo "2262"]
[BlackElo "2274"]
[PlyCount "119"]
[EventDate "2011.11.04"]
[EventType "team-swiss"]
[EventRounds "12"]
[EventCountry "EGY"]
[SourceTitle "EXT 2014"]
[Source "ChessBase"]
[SourceDate "2013.11.20"]
[SourceVersion "1"]
[SourceVersionDate "2013.11.20"]
[SourceQuality "1"]

1. d4 Nf6 2. c4 e6 3. Nf3 Bb4+ 4. Nbd2 0-0 5. a3 Be7 6. e4 d5 7. e5 Nfd7 8. cxd5 exd5 9. Bd3 c5 10. 0-0 Nc6 11. Re1 Re8 12. Nf1 cxd4 13. b4 a6 14. Ng3 Nf8 15. h3 g6 16. Bb2 Ne6 17. Bf1 Qb6 18. Qd2 Bf8 19. Nh2 h5 20. Bd3 Bg7 21. Nf3 Bd7 22. Rad1 Nf8 23. Bb1 Nxe5 24. Rxe5 Bxe5 25. Nxe5 Rxe5 26. Bxd4 Qe6 27. f4 h4 28. Bxe5 hxg3 29. Qc3 Ba4 30. Re1 Qb6+ 31. Bd4 Rc8 32. Qe3 Qd6 33. Qxg3 Re8 34. Rc1 Ne6 35. Be5 Qb6+ 36. Kh1 Nf8 37. Qh4 Rxe5 38. fxe5 Bd7 39. Re1 Be6 40. Qf4 Qc6 41. Rc1 Qa4 42. Qg3 a5 43. Qc3 d4 44. Qb2 b6 45. Bc2 Qd7 46. Rd1 Bd5 47. Kh2 Ne6 48. bxa5 Qc7 49. Re1 bxa5 50. Bd3 Kg7 51. h4 Qe7 52. Kg3 Qc7 53. Kh2 Qe7 54. Qf2 Qxa3 55. Qf6+ Kg8 56. Rd1 Qb3 57. Bxg6 fxg6 58. Qxg6+ Kf8 59. Rf1+ Ke7 60. Rf7+ 1-0

[Event "Arab Clubs-chT 11th"]
[Site "Tunis"]
[Date "2009.12.16"]
[Round "6"]
[White "Al Oufi, Khalil"]
[Black "Atea, Saad"]
[Result "0-1"]
[WhiteElo "2019"]
[BlackElo "2311"]
[PlyCount "79"]
[EventDate "2009.12.12"]
[EventType "team-swiss"]
[EventRounds "9"]
[EventCountry "TUN"]
[SourceTitle "EXT 2020"]
[Source "ChessBase"]
[SourceDate "2019.10.17"]
[SourceVersion "1"]
[SourceVersionDate "2019.10.17"]
[SourceQuality "1"]
[WhiteTeam "Mouthafi Alamana"]
[BlackTeam "El Dakhlia"]
[WhiteTeamCountry "JOR"]
[BlackTeamCountry "EGY"]

1. d4 Nf6 2. Nf3 e6 3. Bg5 h6 4. Bh4 c5 5. e3 Be7 6. c3 b6 7. Nbd2 cxd4 8. exd4 Bb7 9. Bd3 d6 10. 0-0 Nbd7 11. Re1 0-0 12. Qe2 Re8 13. Bxf6 Nxf6 14. Ne4 Qc7 15. Nxf6+ Bxf6 16. Be4 Bc6 17. Bxc6 Qxc6 18. Nd2 b5 19. a4 a6 20. axb5 axb5 21. Ne4 Be7 22. Qf3 Qd5 23. Nd2 Qxf3 24. Nxf3 d5 25. Ne5 Rxa1 26. Rxa1 b4 27. Nc6 bxc3 28. Nxe7+ Rxe7 29. bxc3 Rc7 30. Rc1 f6 31. f4 g5 32. fxg5 hxg5 33. Kf2 Kf7 34. Ke3 e5 35. dxe5 fxe5 36. Kd2 Ke6 37. g4 Ra7 38. c4 Ra2+ 39. Ke3 d4+ 40. Ke4 0-1

[Event "Golden Cleopatra op 7th"]
[Site "Cairo"]
[Date "2003.06.09"]
[Round "8"]
[White "Atea, Saad"]
[Black "Ahmed, Tamer"]
[Result "1-0"]
[WhiteElo "2289"]
[BlackElo "2148"]
[PlyCount "93"]
[EventDate "2003.06.03"]
[EventType "swiss"]
[EventRounds "10"]
[EventCountry "EGY"]
[SourceTitle "CBM 094 Extra"]
[Source "ChessBase"]
[SourceDate "2003.07.09"]
[SourceVersion "2"]
[SourceVersionDate "2003.07.09"]
[SourceQuality "1"]

1. d4 Nf6 2. Bg5 Ne4 3. Bf4 c5 4. f3 Nf6 5. dxc5 Na6 6. e4 Nxc5 7. Nc3 g6 8. Qd2 Bg7 9. 0-0-0 0-0 10. Bh6 b5 11. Bxg7 Kxg7 12. g4 b4 13. Nb5 Qb6 14. h4 a6 15. Nd4 e5 16. Nb3 Ne6 17. Qd6 Qxd6 18. Rxd6 Rd8 19. Bc4 Kf8 20. Ne2 Ke7 21. Rhd1 a5 22. g5 Ne8 23. Rb6 d6 24. Rd5 a4 25. Ra5 Bd7 26. Rxa8 Rxa8 27. Nd2 f6 28. gxf6+ Nxf6 29. Rxb4 Nh5 30. Bxe6 Bxe6 31. Rb7+ Bd7 32. Nc4 Rd8 33. Nc3 Ke6 34. Nd5 Nf4 35. Ncb6 Ng2 36. Kd2 Nxh4 37. Ke2 h5 38. Nxa4 g5 39. Nab6 Ng6 40. Nxd7 Rxd7 41. Rxd7 Kxd7 42. Nf6+ Kc6 43. Nxh5 Kc5 44. Ke3 Ne7 45. Ng7 Nc6 46. Ne6+ Kc4 47. c3 1-0

[Event "Golden Cleopatra op 6th"]
[Site "Cairo"]
[Date "2002.04.13"]
[Round "7"]
[White "Nayer, Ahmed"]
[Black "Atea, Saad"]
[Result "1-0"]
[WhiteElo "2006"]
[BlackElo "2309"]
[PlyCount "115"]
[EventDate "2002.04.07"]
[EventType "swiss"]
[EventRounds "11"]
[EventCountry "EGY"]
[SourceTitle "CBM 087 Extra"]
[Source "ChessBase"]
[SourceDate "2002.05.03"]
[SourceVersion "2"]
[SourceVersionDate "2002.08.09"]
[SourceQuality "1"]

1. g3 Nf6 2. Bg2 g6 3. e4 d6 4. d3 c5 5. c4 Bg7 6. Nc3 Nc6 7. Nge2 0-0 8. 0-0 Rb8 9. h3 a6 10. a4 Nd4 11. Nxd4 cxd4 12. Ne2 Nd7 13. f4 b5 14. axb5 axb5 15. b3 Nc5 16. Ba3 bxc4 17. bxc4 Na6 18. g4 Qc7 19. f5 Be5 20. Bc1 Nc5 21. Bh6 Re8 22. Nc1 Bg7 23. Bxg7 Kxg7 24. g5 Bd7 25. Qe1 e6 26. f6+ Kh8 27. Qh4 e5 28. Ra2 Qb6 29. Raf2 Rg8 30. Qh6 Ne6 31. Bf3 Qd8 32. Bg4 Qf8 33. Qh4 h6 34. Bxe6 Bxe6 35. Ne2 Rb6 36. Rf3 Kh7 37. Ng3 Rh8 38. Nf5 Bxf5 39. exf5 h5 40. fxg6+ fxg6 41. f7 Rb8 42. Qe4 Qg7 43. Rf6 Rhf8 44. Qd5 Rbd8 45. Qe6 Ra8 46. Qxd6 Ra7 47. Qd5 Re7 48. c5 e4 49. dxe4 d3 50. e5 d2 51. e6 Rc7 52. Rd1 Rfc8 53. Rxd2 Rxc5 54. e7 Rxd5 55. Rxd5 Rc1+ 56. Kf2 Rc2+ 57. Ke1 Rc7 58. e8Q 1-0

[Event "Golden Cleopatra op 6th"]
[Site "Cairo"]
[Date "2002.04.12"]
[Round "6"]
[White "Atea, Saad"]
[Black "Fatehy, Tarek"]
[Result "1/2-1/2"]
[WhiteElo "2309"]
[BlackElo "2136"]
[PlyCount "56"]
[EventDate "2002.04.07"]
[EventType "swiss"]
[EventRounds "11"]
[EventCountry "EGY"]
[SourceTitle "CBM 087 Extra"]
[Source "ChessBase"]
[SourceDate "2002.05.03"]
[SourceVersion "2"]
[SourceVersionDate "2002.08.09"]
[SourceQuality "1"]

1. d4 d5 2. Nf3 Nf6 3. c4 c6 4. g3 e6 5. Bg2 Nbd7 6. Nbd2 Bd6 7. 0-0 0-0 8. Qc2 Re8 9. e4 dxe4 10. Nxe4 Nxe4 11. Qxe4 e5 12. Bg5 f6 13. Bd2 exd4 14. Qxd4 Ne5 15. Bc3 Qc7 16. Nxe5 Bxe5 17. Qe3 Bf5 18. Rfe1 Bg6 19. Rad1 Bxc3 20. Qxc3 Rxe1+ 21. Rxe1 Bf7 22. Qb4 Rd8 23. Bf3 b6 24. Re7 Rd7 25. Rxd7 Qxd7 26. Qa4 b5 27. cxb5 cxb5 28. Qa5 g6 1/2-1/2

[Event "Golden Cleopatra op 6th"]
[Site "Cairo"]
[Date "2002.04.08"]
[Round "2"]
[White "Atea, Saad"]
[Black "Shehata, Aly"]
[Result "1-0"]
[WhiteElo "2309"]
[BlackElo "2152"]
[PlyCount "51"]
[EventDate "2002.04.07"]
[EventType "swiss"]
[EventRounds "11"]
[EventCountry "EGY"]
[SourceTitle "CBM 087 Extra"]
[Source "ChessBase"]
[SourceDate "2002.05.03"]
[SourceVersion "2"]
[SourceVersionDate "2002.08.09"]
[SourceQuality "1"]

1. d4 Nf6 2. Bg5 Ne4 3. Bf4 d6 4. f3 Nf6 5. e4 g6 6. Nc3 Bg7 7. Qd2 0-0 8. Bh6 c6 9. 0-0-0 Qc7 10. h4 e5 11. Nge2 b5 12. h5 a5 13. Bxg7 Kxg7 14. Ng3 Kh8 15. f4 Qe7 16. dxe5 dxe5 17. f5 gxf5 18. Nxf5 Bxf5 19. exf5 Ra7 20. Be2 a4 21. Qd6 Re8 22. Qxe7 Raxe7 23. Rd6 b4 24. Rxf6 bxc3 25. bxc3 Rd8 26. h6 1-0